<?xml version='1.0' encoding='UTF-8'?>
  <record xmlns="http://www.loc.gov/MARC21/slim">
    <leader>00000cam a2200000 i 4500</leader>
    <controlfield tag="001">ocm66866536</controlfield>
    <controlfield tag="003">OCoLC</controlfield>
    <controlfield tag="005">20250131035159.6</controlfield>
    <controlfield tag="008">031214s1582    xx            000 0 ger d</controlfield>
    <datafield tag="040" ind1=" " ind2=" ">
      <subfield code="a">NLGGC</subfield>
      <subfield code="b">dut</subfield>
      <subfield code="e">fobidrtb</subfield>
      <subfield code="c">NLGGC</subfield>
      <subfield code="d">OCLCL</subfield>
      <subfield code="d">OCLCQ</subfield>
    </datafield>
    <datafield tag="029" ind1="0" ind2=" ">
      <subfield code="a">NLGGC</subfield>
      <subfield code="b">257982078</subfield>
    </datafield>
    <datafield tag="035" ind1=" " ind2=" ">
      <subfield code="a">(OCoLC)66866536</subfield>
    </datafield>
    <datafield tag="245" ind1="0" ind2="0">
      <subfield code="a">Antwort der catholischen königlichen Maiestet, auff das jenige, was der Durchleuchtigst, unnd Hochgeborne Fürst, Carle Ertzhertzog in Oesterreich, derselben Vetter, in namen und von wegen des Allerdurchleuchtigsten, Grossmechtigsten Fürsten, Herren Maximiliani II Römischen Keysers, desselben geliebten Brudern, des Niderländischen Kriegswesen halber, fürgebracht :</subfield>
      <subfield code="b">auch ist zu endt ein Edict mit angehenckt so König. May. inn Polen an die Statt Wilda, wegen der Empörung und Auffrur, so die von der Catholischen Römischen Kirchen, wider die Leut und Kirchendiener des evangelischen und sächsischen hauffens, erweckt, aussgehen lassen.</subfield>
    </datafield>
    <datafield tag="260" ind1=" " ind2=" ">
      <subfield code="a">[S.l.] :</subfield>
      <subfield code="b">[s.n.],</subfield>
      <subfield code="c">1582.</subfield>
    </datafield>
    <datafield tag="300" ind1=" " ind2=" ">
      <subfield code="a">41 p. ;</subfield>
      <subfield code="c">20 cm.</subfield>
    </datafield>
    <datafield tag="336" ind1=" " ind2=" ">
      <subfield code="a">tekst</subfield>
      <subfield code="b">txt</subfield>
      <subfield code="2">rdacontent/dut</subfield>
    </datafield>
    <datafield tag="337" ind1=" " ind2=" ">
      <subfield code="a">zonder medium</subfield>
      <subfield code="b">n</subfield>
      <subfield code="2">rdamedia/dut</subfield>
    </datafield>
    <datafield tag="338" ind1=" " ind2=" ">
      <subfield code="a">band</subfield>
      <subfield code="b">nc</subfield>
      <subfield code="2">rdacarrier/dut</subfield>
    </datafield>
    <datafield tag="510" ind1="0" ind2=" ">
      <subfield code="a">Van Someren 534</subfield>
    </datafield>
    <datafield tag="510" ind1="0" ind2=" ">
      <subfield code="a">VD 16.1, A 3003</subfield>
    </datafield>
    <datafield tag="600" ind1="0" ind2="4">
      <subfield code="a">Maximiliaan II,</subfield>
      <subfield code="c">Rooms-Duits keizer.</subfield>
    </datafield>
    <datafield tag="600" ind1="0" ind2="4">
      <subfield code="a">Karel van Stiermarken,</subfield>
      <subfield code="d">1540-1590.</subfield>
    </datafield>
    <datafield tag="700" ind1="0" ind2=" ">
      <subfield code="a">Filips II,</subfield>
      <subfield code="c">koning van Spanje.</subfield>
    </datafield>
    <datafield tag="700" ind1="0" ind2=" ">
      <subfield code="a">Báthory,</subfield>
      <subfield code="c">koning van Polen.</subfield>
    </datafield>
    <datafield tag="758" ind1=" " ind2=" ">
      <subfield code="a">Antwort der catholischen königlichen Maiestet, auff das jenige, was der Durchleuchtigst, unnd Hochgeborne Fürst, Carle Ertzhertzog in Oesterreich, derselben Vetter, in namen und von wegen des Allerdurchleuchtigsten, Grossmechtigsten Fürsten, Herren Maximiliani II Römischen Keysers, desselben geliebten Brudern, des Niderländischen Kriegswesen halber, fürgebracht (Text)</subfield>
      <subfield code="1">https://id.oclc.org/worldcat/entity/E39PCXWwwXp4X4bXp3DG8MKFx8</subfield>
      <subfield code="4">https://id.oclc.org/worldcat/ontology/hasWork</subfield>
    </datafield>
    <datafield tag="936" ind1=" " ind2=" ">
      <subfield code="a">BATCHLOAD</subfield>
    </datafield>
  </record>